| 000 | 02300nam0a2200433 4500 | ||
|---|---|---|---|
| 001 | RU\NLR\bibl\324933 | ||
| 005 | 20250621143502.0 | ||
| 010 |
_a5-7237-0352-8 _9150 |
||
| 021 |
_aRU _b2002-34716 _91698 |
||
| 035 | _a(NLR Aleph) 000319941 | ||
| 090 |
_a90830 _c90830 |
||
| 100 | _a20021016d2002 |||y0rusy50 ca | ||
| 101 | 0 | _arus | |
| 102 | _aRU | ||
| 105 | _aa ||||||||| | ||
| 200 | 1 |
_aИнформационная система "WAAM" для решения экологических проблем в области очистки сточных вод _eУчеб. пособие _fН. В. Меньшутина, С. В. Гончарова, С. В. Колесников _gМ-во образования Рос. Федерации, Рос. хим.-технол. ун-т им. Д. И. Менделеева |
|
| 210 |
_aМ. _cРХТУ _d2002 |
||
| 215 |
_a103 с. _cил. _d21 |
||
| 225 | 1 | _aПрикладное программное обеспечение | |
| 320 | _aБиблиогр.: с. 98-101 | ||
| 606 | 0 |
_aСточные воды _jРуководства, пособия и т.п. для высшей школы _xОчистка _92174040 _3RU\NLR\auth\661307614 |
|
| 606 | 0 |
_aСточные воды _jУчебные издания для высшей школы _xОчистка _92174040 _3RU\NLR\auth\661307614 |
|
| 610 | 0 | _aИнформационная технология | |
| 610 | 0 | _aСточные воды - Очистка | |
| 610 | 0 | _aЭкология - Информационные системы автоматизированные | |
| 675 |
_a[ 621.3:504]:004(075.8) _v3 _zrus |
||
| 686 |
_a67 _2rugasnti |
||
| 686 |
_a38.761.2 _2rubbk |
||
| 686 | _aН761.204-5я73-1 | ||
| 700 | 1 |
_4070 _aМеньшутина _bН. В. _cд-р техн. наук _gНаталья Васильевна _9141269 _3RU\NLR\AUTH\770141305 |
|
| 701 | 1 |
_4070 _aГончарова _bС. В. _cканд. техн. наук, хим. технологии _gСветлана Викторовна _9233764 _3RU\NLR\AUTH\770233820 |
|
| 701 | 1 |
_aКолесников _bС. В. _gСергей Валентинович _4070 |
|
| 801 | 0 |
_aRU _bRKP _c20021016 _gPSBO |
|
| 801 | 1 |
_aRU _bRKP _c20021016 |
|
| 801 | 2 |
_aRU _bNLR _c20031024 _grcr |
|
| 942 | _cBOOK | ||
| 980 | _aNB | ||